[Event "Iasi op"]
[Site "Iasi"]
[Date "2014.05.13"]
[Round "4"]
[White "Amarandei, Rares Georgian"]
[Black "Iorga, Corneliu"]
[Result "1-0"]
[WhiteElo "1940"]
[BlackElo "1692"]
[PlyCount "58"]
[EventDate "2014.05.10"]
[EventType "swiss"]
[EventRounds "9"]
[EventCountry "ROU"]
[SourceTitle "CBM 160 Extra"]
[Source "ChessBase"]
[SourceDate "2014.07.01"]
[SourceVersion "1"]
[SourceVersionDate "2014.07.01"]
[SourceQuality "1"]

1. d4 g6 2. e4 Bg7 3. f4 d6 4. Nf3 Bg4 5. c3 Nh6 6. Be3 0-0 7. h3 Bxf3 8. Qxf3 f5 9. Bc4+ Kh8 10. e5 c6 11. Nd2 d5 12. Bd3 e6 13. 0-0-0 a5 14. g4 a4 15. a3 b5 16. g5 Ng8 17. h4 Ne7 18. h5 Kg8 19. Rh2 Nd7 20. Rdh1 Qa5 21. Nf1 Nb6 22. Ng3 Kf7 23. hxg6+ hxg6 24. Nh5 gxh5 25. Qxh5+ Ng6 26. Bxf5 Ke7 27. Qxg6 Rxf5 28. Rh7 Rf7 29. R1h6 Kf8 1-0

[Event "Iasi op"]
[Site "Iasi"]
[Date "2014.05.12"]
[Round "3"]
[White "Ionescu, Irina"]
[Black "Amarandei, Rares Georgian"]
[Result "1-0"]
[WhiteElo "2250"]
[BlackElo "1940"]
[PlyCount "89"]
[EventDate "2014.05.10"]
[EventType "swiss"]
[EventRounds "9"]
[EventCountry "ROU"]
[SourceTitle "CBM 160 Extra"]
[Source "ChessBase"]
[SourceDate "2014.07.01"]
[SourceVersion "1"]
[SourceVersionDate "2014.07.01"]
[SourceQuality "1"]

1. e4 d5 2. exd5 Qxd5 3. Nc3 Qd6 4. d4 Nf6 5. g3 a6 6. Bg2 Bg4 7. f3 Bf5 8. Nge2 Nc6 9. Bf4 Qd7 10. g4 Bg6 11. 0-0 0-0-0 12. Be3 e6 13. a3 Be7 14. b4 e5 15. dxe5 Qxd1 16. Rfxd1 Nxe5 17. g5 Nfd7 18. f4 Nc4 19. Bd4 Rhe8 20. Ng3 f6 21. Bd5 Ncb6 22. Bxb6 Nxb6 23. Be6+ Kb8 24. f5 Bd6 25. gxf6 Bxg3 26. Rxd8+ Rxd8 27. hxg3 gxf6 28. fxg6 hxg6 29. Rd1 Re8 30. Bf7 Re5 31. Rd3 g5 32. Kf2 Re7 33. Bb3 Nd7 34. Nd5 Rh7 35. Ne3 Ne5 36. Rd8+ Ka7 37. Bd5 Rh2+ 38. Bg2 Rh7 39. Rf8 Nd7 40. Rc8 Ne5 41. a4 Rd7 42. a5 Rd2+ 43. Kg1 Rd7 44. Nd5 b5 45. Nxc7 1-0

[Event "Kesarovski Georgiev Memorial 11th"]
[Site "Sunny Beach"]
[Date "2012.09.09"]
[Round "9"]
[White "Atanasov, Radislav"]
[Black "Amarandei, Rares Georgian"]
[Result "1-0"]
[WhiteElo "2150"]
[BlackElo "1929"]
[PlyCount "62"]
[EventDate "2012.09.01"]
[EventType "swiss"]
[EventRounds "9"]
[EventCountry "BUL"]
[SourceTitle "CBM 150 Extra"]
[Source "ChessBase"]
[SourceDate "2012.10.19"]
[SourceVersion "1"]
[SourceVersionDate "2012.10.19"]
[SourceQuality "1"]

1. d4 Nf6 2. c4 e5 3. dxe5 Ng4 4. e3 Nxe5 5. Nh3 Bb4+ 6. Bd2 Bxd2+ 7. Qxd2 Qh4 8. Nf4 0-0 9. Nc3 Nbc6 10. 0-0-0 d6 11. g3 Qd8 12. b3 Be6 13. Nxe6 fxe6 14. f4 Nd7 15. Bd3 Nc5 16. Bb1 Nb4 17. h4 a5 18. h5 a4 19. Nb5 c6 20. Nxd6 Qb6 21. h6 g6 22. Qc3 Ncd3+ 23. Rxd3 Nxd3+ 24. Bxd3 Qxe3+ 25. Kc2 e5 26. Re1 Qd4 27. Qxd4 exd4 28. Re7 b6 29. Rg7+ Kh8 30. Nf7+ Rxf7 31. Rxf7 Kg8 1-0

[Event "Kesarovski Georgiev Memorial 11th"]
[Site "Sunny Beach"]
[Date "2012.09.05"]
[Round "5"]
[White "Amarandei, Rares Georgian"]
[Black "Novak, Michal"]
[Result "0-1"]
[WhiteElo "1929"]
[BlackElo "2141"]
[PlyCount "86"]
[EventDate "2012.09.01"]
[EventType "swiss"]
[EventRounds "9"]
[EventCountry "BUL"]
[SourceTitle "CBM 150 Extra"]
[Source "ChessBase"]
[SourceDate "2012.10.19"]
[SourceVersion "1"]
[SourceVersionDate "2012.10.19"]
[SourceQuality "1"]

1. e4 c5 2. Nf3 d6 3. d4 cxd4 4. Nxd4 Nf6 5. Nc3 a6 6. Bg5 e6 7. f4 Be7 8. Qf3 Qc7 9. 0-0-0 Nbd7 10. g4 b5 11. Bxf6 Nxf6 12. g5 Nd7 13. f5 Ne5 14. f6 gxf6 15. gxf6 Bf8 16. a3 Bd7 17. Rg1 0-0-0 18. Kb1 Kb8 19. Qh5 Bc8 20. b4 Nd7 21. Qf3 Ne5 22. Qe3 h5 23. Nce2 Bh6 24. Qb3 Bb7 25. Bg2 Ng4 26. Rd3 Nxf6 27. Nc3 Ng4 28. a4 Ne5 29. Rh3 Nc4 30. Rd1 Nd2+ 31. Rxd2 Bxd2 32. axb5 axb5 33. Ncxb5 Qb6 34. c4 Rhg8 35. Bf3 Rg1+ 36. Kc2 Bf4 37. c5 dxc5 38. bxc5 Rc8 39. Qa3 Rg5 40. c6 Rxc6+ 41. Nxc6+ Qxc6+ 42. Nc3 Qb6 43. Qb3 Qc6 0-1